00927nam a2200217Ia 4500003000900000008004100009020001800050040001600068080002300084111008600107245027600193260004800469300001700517490002800534650001100562650002200573700002300595700002500618700002800643710003800671IN-BaIIA211028s9999 xx 000 0 eng d a0-521-85205-6 cIIA Library a082.2:52bIAU-C199 aColloquium of the International Astronomical Unionn199thcChinad2005 Mar. 14-18 0aProbing galaxies through quasar absorption linesbproceedings of the 199th Colloquium of the International Astronomical Union held in Shanghai, China, March 14-18, 2005cedited by Peter R. Williams, Cheng-Gang Shu and Brice Menard  aCambridgebCambridge University Pressc2005 axxxiv, 493p. aIAU colloquium; no. 199 aGalaxy aQuasar absorption aMenard, Brice, ed. aShu, Cheng-Gang, ed. aWilliams, Peter R., ed. aInternational Astronomical Union